AU LIBRARIES
Centralized Library System Across Seven Campuses

Critical Theory Today (Record no. 47404)

MARC details
000 -LEADER
fixed length control field 00414nam a2200169 4500
005 - DATE AND TIME OF LATEST TRANSACTION
control field 20260427122605.0
008 - FIXED-LENGTH DATA ELEMENTS--GENERAL INFORMATION
fixed length control field 260427b |||||||| |||| 00| 0 eng d
020 ## - INTERNATIONAL STANDARD BOOK NUMBER
ISBN 9781000852615
082 ## - DEWEY DECIMAL CLASSIFICATION NUMBER
Classification number 801.95
Author Mark TYS-C
100 ## - MAIN ENTRY--AUTHOR
Author Name Tyson Lois
245 ## - TITLE STATEMENT
Title Critical Theory Today
Sub-Title A User Friendly Guide
250 ## - EDITION STATEMENT
Edition statement 3rd Ed.
260 ## - PUBLICATION, DISTRIBUTION, ETC.
Place of Publication NEW YORK
Name of publisher, distributor, etc. Routledge
300 ## - PHYSICAL DESCRIPTION
Pages 453p
650 ## - SUBJECT ADDED ENTRY--TOPICAL TERM
Subject / Department English
942 ## - ADDED ENTRY ELEMENTS (KOHA)
Koha item type Book
Holdings
Withdrawn status Lost status Damaged status Not for loan Collection code Permanent Location Current Location Shelving Location Date acquired Source of acquisition Total Checkouts Full Call Number Accession No./Barcode Date last seen Koha item type
        English Air University H-11 Campus Islamabad Air University H-11 Campus Islamabad English Literature 04/27/2026 Ali Book Services   801.95 TYS-C AUHEP0017 04/27/2026 Book
Air University Sector E-9, Islamabad Pakistan
Email: librarian@au.edu.pk  Tel : +0092 51 9262612 Ext: 631